Superman Returns (2006): Characters by Picture - Statistics

General Stats
  • This quiz has been taken 26 times
  • The average score is 7 of 12
Answer Stats
Picture Answer % Correct
Superman
95%
Lois Lane
91%
JImmy Olsen
86%
Lex Luthor
86%
Jor-El
77%
Perry White
55%
Richard White
55%
Jason White
41%
Kitty Kowalski
36%
Gertrude Vanderworth
18%
Brutus
9%
Stanford
9%
No matching quizzes found
Score Distribution
Percent of People with Each Score
Percentile by Number Answered
Your Score History
You have not taken this quiz